Quizzes
Events
Quiz Creation
Community
Videos
Private Events
Remove Ads
Sign In
Join for FREE
Feedback
Dark Mode
Quiz Categories
Sports
Geography
Music
Movies
Television
Just For Fun
Miscellaneous
History
Literature
Language
Science
Gaming
Entertainment
Religion
Holiday
For Kids
Quiz Lab
Recent
Popular Today
Quiz Kudos Today
Editor Picks
Curator Picks
Quizzes by...
Day
Popularity
Type
Ratings
Length
Year
Community
Subscriptions
Recent Discussions
Orange Saloon
Badges
Playlists
Quests
Create
Leaderboards
Showdown
Live 5
Trivia Bingo
Activity
Puzzle Library
Sporcle Events
Private Events
Virtual Trivia
Globe League
Become a Host
Pub Owners
SporcleCon
Opinionation
Our Games
Videos
Blog
Mobile Apps
Partnerships
Remove Ads and Go Orange
Feedback
Sports
Athletes
MLB
NBA
NHL
NFL
Soccer
Sports Teams
WWE
NCAA
Football
Premier League
Basketball
Baseball
Hockey
Golf
Tennis
Cricket
Rugby
Auto Racing
Olympics
World Cup
Sports
Athletes
MLB
NBA
NHL
NFL
Soccer
Sports Teams
WWE
NCAA
Football
Premier League
Basketball
Baseball
Hockey
Golf
Tennis
Cricket
Rugby
Auto Racing
Olympics
World Cup
Random Quiz
Search Sporcle
×
Quiz Lab
Quiz Lab
Sports
Player
Type in answers that appear in a list
Type in answers that appear in a list
Classic
Best Score? Go Orange.
CFL Draft - Last 25 First Overall Picks Stats
Can you name the last 25 first overall picks in the CFL Draft?
By
rider_prophet
10m
25 Questions
24 Plays
24 Plays
24 Plays
Comments
Comments
Give Quiz Kudos
Give Quiz Kudos
-
- Ratings
hide this ad
More Info
Replay
Link that replays current quiz
Next Quiz
Link to next quiz in quiz playlist
You Got
0%
They Got
Avg Score
29%
Avg Friend Score
Upgrade to see
Score Distribution
Jump to the score distribution portion of the page
Score
0/25
Timer
10:00
0
Plays Today
Year
Player Name
% Correct
2010
Shomari Williams
83.3%
2011
Henoc Muamba
66.7%
2008
Dylan Barker
58.3%
2004
Wayne Smith
58.3%
2009
Simeon Rottier
50%
2007
Chris Bauman
50%
2006
Adam Braidwood
45.8%
2001
Scott Schultz
45.8%
2000
Tyson St. James
41.7%
2003
Steve Morley
29.2%
2002
Alexandre Gauthier
29.2%
1988
Orville Lee
29.2%
2005
Miguel Robede
25%
Year
Player Name
% Correct
1997
Chad Folk
25%
1998
Tim Fleiszer
20.8%
1996
Donnavan Blair
20.8%
1990
Sean Millington
20.8%
1993
Patrick Burke
16.7%
1992
Bruce Covernton
16.7%
1999
Rob Meier
4.2%
1995
Tom Nutten
0%
1994
Val St. Germaine
0%
1991
Nick Mazzoli
0%
1989
Gerald Wilcox
0%
1987
Leo Groenewegen
0%
Quiz Playlist
Details
Report
Send in Message
Add To Playlist
More Info:
Name the last 25 players to be taken first overall in the CFL Canadian Draft
Classic:
Type in answers that appear in a list
Quiz Source
Last Updated: Feb 16, 2017
Quiz Scoreboard
CHALLENGE
Sign Up to Join the Scoreboard
Show All
Scores
Hide
Comments
May contain spoilers
Recently Published
College Basketball Coaching Resumes
by pancakes188
Sports
9m
Billboard Blitz: Fleetwood Mac
by CooCooCachoo
Music
15s
Presidents Visiting Landmarks
by Hejman
History
7m
More to Explore
Quiz From the Vault
Featured Blog Post
Where Did the Easter Bunny Come From?
hide this ad
You Might Also Like...
Tags
cfl
Draft
last
Overall
Player
team
Today's Top Quizzes in Sports
Browse Sports
hide this ad
Today's Top Quizzes in Player
Browse Player
Top Contributed Quizzes in Sports
1
2022 World Cup Stars
2
Les meilleurs buteurs des matchs entre le PSG et l’OM
3
FIFA Club World Cup Champions
4
Les entraîneurs de l'OM et du PSG au 21e siècle
5
Criteria MLB: Left Handed Sluggers
6
AFC Teams Reveal (Wrong Answers Minefield)
7
2023 MLB Unique Player Accomplishments
8
Players with Multiple 50 Home Run Seasons
9
5-to-1: FBS Animal Nicknames
10
5-to-1: UK Sports Teams
Explore More
Trending Topics
Disney
Marvel
NBA
Crossword
Kpop
Anime
Harry Potter
Song
Soccer
WWE
NFL
The Office
Country
Puzzle
Pokémon
hide this ad
More By:
rider_prophet
Quiz
Plays
Rating
Category
Featured
Created
CFL 1000 Yard Rushers Since 2000
87
Sports
Feb 11, 2012
CFL 1000 Yard Receivers Since 2000
84
Sports
Feb 11, 2012
Saskatchewan Roughriders 2011 Players
51
Sports
Feb 10, 2012
Saskatchewan Roughriders 2009 Players
34
Sports
Feb 25, 2012
Saskatchewan Roughriders Award Winners
34
Sports
Feb 18, 2012
Go to Creator's Profile
Score Distribution
Quiz Creator Spotlight
rider_prophet
Follow
Send a Message
Quizzes Created
-
Created Quiz Play Count
-
More By This Creator
Popular Quizzes Today
1
Find the US States - No Outlines Minefield
2
Find the Countries of Europe - No Outlines Minefield
3
The Countries of the World
4
Find the US States
5
Risky Map Clicking: Biggest States A-Z
6
US States
7
Popular People in 1961
8
Movies - When Are They Set?
More Sports Quizzes
Closest MLB Teams to Mexico
Published
Trending Quizzes
Risky Map Clicking: Least Populous States A-Z
1-10 Letter G Words
1-10 Letter F Words
Risky Map Clicking: Next State Alphabetically
Risky Map Clicking: Biggest States A-Z
Recently Updated
Leaping Animals
pecheneg
Reality TV Shows (A-Z)
bhenderson79
Rickey Henderson's Hall of Fame Teammates
pecheneg
Champions League XIs: Arsenal
pecheneg
Quick Pick: Celebrities in WWE's Hall of Fame
aduchscher
A-Z Keypad Blitz II
pecheneg
Multiple Oscar Actors
pecheneg
Mystery Phrase Blitz: Oscar 'Best Actors'
pecheneg
F. Scott Fitzgerald Novels
LTH
Pick 3 Villains
ddd62291
Trending Topics
Marvel
Crossword
NBA
Disney
Kpop
Anime
Harry Potter
Pokémon
Soccer
NFL
The Office
Song
Puzzle
WWE
Country
Your Account Isn't Verified!
In order to create a playlist on Sporcle, you need to verify the email address you used during registration. Go to your
Sporcle Settings
to finish the process.
Report this User
Report this user for behavior that violates our
Community Guidelines
.
Details:
Send Report
Go to the Sporcle.com Mobile Site →
Comments